[Event "Porto Sant Elpidio op U16 9th"]
[Site "Porto Sant Elpidio"]
[Date "2006.11.25"]
[Round "4"]
[White "Illuminati Petrella, Daniele"]
[Black "Binci, Filippo"]
[Result "1-0"]
[WhiteElo "1458"]
[BlackElo "1497"]
[PlyCount "111"]
[EventDate "2006.11.18"]
[EventType "swiss"]
[EventRounds "6"]
[EventCountry "ITA"]
[SourceTitle "EXT 2011"]
[Source "ChessBase"]
[SourceDate "2010.11.26"]
[SourceVersion "1"]
[SourceVersionDate "2010.11.26"]
[SourceQuality "1"]

1. e4 d6 2. d4 Nf6 3. Nc3 g6 4. f4 Bg7 5. Nf3 Nbd7 6. Be2 c6 7. Be3 Ng4 8. Qd2 e5 9. h3 Nxe3 10. Qxe3 Qb6 11. 0-0-0 Bh6 12. g3 Nf6 13. Ne1 Bd7 14. Ng2 Rg8 15. dxe5 Qxe3+ 16. Nxe3 dxe5 17. Ng4 Bxg4 18. hxg4 Bg7 19. fxe5 Nd7 20. Rxh7 Bxe5 21. Bc4 Rf8 22. Bxf7+ Rxf7 23. Rxf7 Kxf7 24. Rxd7+ Kf6 25. Rxb7 Bxg3 26. Ne2 Be5 27. Rb4 Rc8 28. Ra4 Rc7 29. Nd4 Bf4+ 30. Kd1 Rd7 31. Ke2 c5 32. Nb3 Rc7 33. Rc4 Bd6 34. Kf3 g5 35. Nc1 Be5 36. Nd3 Bd4 37. c3 Bg1 38. b4 a6 39. Nxc5 Ra7 40. Nd3 Bh2 41. e5+ Bxe5 42. Rc6+ Kg7 43. Nxe5 a5 44. b5 Rb7 45. b6 Kf8 46. Rc8+ Ke7 47. Rc7+ Rxc7 48. bxc7 Kd6 49. c8Q Kxe5 50. Qc5+ Ke6 51. Ke4 Kf6 52. Qc6+ Kf7 53. Kf5 Kg7 54. Qg6+ Kf8 55. Qh7 Ke8 56. Ke6 1-0